000 00462nam a2200181Ia 4500
001 16245
005 20260306170255.0
008 260306t2009||||xx |||||||||||||| ||und||
041 _aESP
082 _a347.51
_bG14
100 _aGalgano, Francesco
_eAUT
245 0 _aLos grupos societarios:
_bdirección y coordinación de sociedades
260 _c2009
300 _a345 páginas :
_c24 cm.
650 _aGEN
654 _aCDE
942 _cLIB
_dJUS
_fJUS
_2ddc
_n
999 _c16245
_d16245